000 00410nam a2200145 i 4500
001 bg
100 1 _aKULCZYCKI, Michał
245 0 _aKodeks pracy :
_bwykroczenia i przestępstwa przeciwko prawom pracownika /
_cMichał Kulczycki, Jerzy Zduńczyk.
260 _aWarszawa,
_c1976.
700 1 _aZDUŃCZYK, Jerzy
040 _cBPK
041 _apol
942 _cKS
008 s pl f |000 0 pol
999 _c26884
_d26884
856 _uhttp://koha.tu.koszalin.pl/cgi-bin/koha/opac-detail.pl?biblionumber=26884
_yKatalog online BPK